World Capitals by Letter A - Map Quiz - Statistics

General Stats
  • This quiz has been taken 1,818 times
    1,104 since last reset
  • The average score is 14 of 16
Answers on the Map
Answers color-coded by a green-red scale on the quiz's map according to % correct below.
 
Answer Stats
Answer % Correct
Amsterdam
97%
Andorra la Vella
97%
Algiers
95%
Athens
95%
Abu Dhabi
93%
Ankara
93%
Asuncion
90%
Addis Ababa
88%
Antananarivo
87%
Amman
84%
Abuja
83%
Astana
82%
Apia
81%
Accra
80%
Ashgabat
80%
Asmara
73%
No matching quizzes found
Score Distribution
Percent of People with Each Score
Percentile by Number Answered
Your Score History
You have not taken this quiz since the last reset